Acta Facultatis Rerum Naturalium Universitatis Comenianae : Chimia. Tomus 39

Gespeichert in:
Bibliographische Detailangaben
Format: Buch
Sprache:Slowakisch
Veröffentlicht: Bratislava : Slovenské pedagogické nakladateľstvo, 1991
Tags: Tag hinzufügen
Keine Tags, Fügen Sie das erste Tag hinzu!

MARC

LEADER 00000nam a22000003a 4500
001 stu18092
005 20150408181454.7
008 911129s1991----cs------------------slo-d
020 |a 80-08-01499-7 
040 |a STU  |b slo 
041 0 |a slo 
044 |a cs 
080 |a 54(082.1) 
245 |a Acta Facultatis Rerum Naturalium Universitatis Comenianae :  |b Chimia. Tomus 39 
260 |a Bratislava :  |b Slovenské pedagogické nakladateľstvo,  |c 1991 
300 |a 145 s :  |b Tab.,grafy,lit 
996 |b CK448  |c C*K448  |l CCIV  |s P  |a 0  |w stu18092_0001